[Event "Pan American-ch U16 Girls"]
[Site "San Jose"]
[Date "2017.07.02"]
[Round "3"]
[White "Qiao, Cindy"]
[Black "Quesada Calderon, Carolayne"]
[Result "1-0"]
[WhiteElo "1711"]
[BlackElo "1305"]
[PlyCount "113"]
[EventDate "2017.07.01"]
[EventType "swiss"]
[EventRounds "9"]
[EventCountry "CRI"]
[SourceTitle "EXT 2022"]
[Source "ChessBase"]
[SourceDate "2021.10.06"]
[SourceVersion "1"]
[SourceVersionDate "2021.10.06"]
[SourceQuality "1"]

1. e4 e5 2. Nf3 Nc6 3. Bc4 Nf6 4. d3 Be7 5. c3 d6 6. Nbd2 0-0 7. 0-0 Be6 8. Bb3 h6 9. Re1 Bxb3 10. Qxb3 Na5 11. Qd1 c5 12. Nf1 Nc6 13. Ng3 Re8 14. Nf5 Bf8 15. N3h4 d5 16. Qe2 Ne7 17. Nxe7+ Qxe7 18. Nf5 Qe6 19. h3 Kh7 20. b3 dxe4 21. dxe4 g6 22. Ng3 Rad8 23. Bb2 Rd7 24. Rad1 Red8 25. Rxd7 Rxd7 26. Rd1 Bg7 27. c4 Ng8 28. Rd2 Ne7 29. Qd1 Rxd2 30. Qxd2 Nc6 31. Nf1 Nd4 32. Ne3 a6 33. Nd5 b5 34. Qd3 b4 35. Bxd4 exd4 36. f4 f5 37. exf5 Qxf5 38. Qxf5 gxf5 39. Ne7 d3 40. Kf1 h5 41. Nxf5 Bf6 42. g3 Kg6 43. Nd6 Be7 44. Ne4 Kf5 45. Nf2 h4 46. gxh4 Bxh4 47. Nxd3 Be7 48. Ke2 a5 49. Kf3 Bf8 50. h4 Bd6 51. h5 Be7 52. Ne5 Bf8 53. Ng4 Bg7 54. h6 Bh8 55. Ne5 Kf6 56. Kg4 Ke6 57. Kg5 1-0